[Event "Copenhagen Chess Challenge 2016"]
[Site "Ballerup"]
[Date "2016.04.20"]
[Round "1"]
[White "Boe Olsen, Filip"]
[Black "Demuth, Adrien"]
[Result "0-1"]
[WhiteElo "2176"]
[BlackElo "2550"]
[PlyCount "100"]
[EventDate "2016.04.20"]
[EventType "swiss"]
[EventRounds "9"]
[EventCountry "DEN"]

1. d4 Nf6 2. Nf3 d5 3. Bf4 c5 4. c3 Nc6 5. e3 Qb6 6. Qb3 c4 7. Qc2 Bf5 8. Qc1
Nh5 9. Be2 Nxf4 10. exf4 e6 11. O-O Bd6 12. g3 O-O 13. Nbd2 f6 14. Nh4 Bh3 15.
Re1 e5 16. Bf3 Ne7 17. fxe5 fxe5 18. Bxd5+ Nxd5 19. Nxc4 Qc7 20. Nxd6 Qxd6 21.
Rxe5 Rae8 22. Qe1 Rxe5 23. Qxe5 Qxe5 24. dxe5 g5 25. Ng2 Kf7 26. Ne1 Ke6 27.
Nd3 Bf5 28. Nc5+ Kxe5 29. Nxb7 Rb8 30. Na5 Kf6 31. c4 Ne7 32. b3 Rd8 33. b4 Rd2
34. a3 Be4 35. Re1 Bf3 36. Nb3 Rd3 37. Rb1 Nf5 38. a4 g4 39. b5 Rc3 40. Nd2 Nd6
41. Nxf3 gxf3 42. a5 Nxc4 43. b6 axb6 44. axb6 Nd2 45. Rd1 Rb3 46. h4 Ne4 47.
g4 Rxb6 48. Rd3 Rb1+ 49. Kh2 Rh1+ 50. Kxh1 Nxf2+ 0-1

[Event "Copenhagen Chess Challenge 2016"]
[Site "Ballerup"]
[Date "2016.04.20"]
[Round "1"]
[White "Andersen, Mads"]
[Black "Kabadayi, Can"]
[Result "1-0"]
[WhiteElo "2504"]
[BlackElo "2174"]
[PlyCount "133"]
[EventDate "2016.04.20"]
[EventType "swiss"]
[EventRounds "9"]
[EventCountry "DEN"]

1. d4 d5 2. c4 c6 3. Nf3 Nf6 4. e3 e6 5. Bd3 Nbd7 6. O-O dxc4 7. Bxc4 b5 8. Bd3
Bb7 9. e4 a6 10. a4 b4 11. Nbd2 Be7 12. Nc4 c5 13. e5 Nd5 14. Bg5 O-O 15. Bxe7
Qxe7 16. Nd6 Bc6 17. dxc5 Nf4 18. Re1 Nxd3 19. Qxd3 Nxc5 20. Qe3 Nd7 21. Nd4
Bd5 22. Rac1 f6 23. f4 fxe5 24. fxe5 Qh4 25. Re2 Qf4 26. Qxf4 Rxf4 27. Nc6 Bxc6
28. Rxc6 Rd4 29. Nc8 h6 30. g3 Kh7 31. Nb6 Nxb6 32. Rxb6 b3 33. Rxe6 Rc8 34.
Kf2 Rxa4 35. Rb6 Rc2 36. Rxb3 Rxe2+ 37. Kxe2 Kg6 38. Kd2 Kf5 39. Re3 Ke6 40.
Kc3 g5 41. b3 Ra2 42. h4 gxh4 43. gxh4 Rh2 44. Re4 h5 45. Kb4 Rc2 46. Ka5 Rc3
47. Rb4 Kxe5 48. Kxa6 Kd6 49. Kb6 Rc6+ 50. Ka5 Rc3 51. Ka4 Rh3 52. Rc4 Rh1 53.
Kb5 Rg1 54. Rc5 Rg8 55. Rxh5 Rb8+ 56. Kc4 Rc8+ 57. Kd4 Rc1 58. Rh6+ Kc7 59. Rg6
Rh1 60. Rg4 Kc6 61. Ke5 Kd7 62. Kf6 Ke8 63. Kg7 Ke7 64. b4 Ke6 65. b5 Kf5 66.
Rb4 Rg1+ 67. Kf7 1-0

[Event "Copenhagen Chess Challenge 2016"]
[Site "Ballerup"]
[Date "2016.04.20"]
[Round "1"]
[White "Vasli, Aref"]
[Black "Hector, Jonny"]
[Result "0-1"]
[WhiteElo "2164"]
[BlackElo "2493"]
[PlyCount "128"]
[EventDate "2016.04.20"]
[EventType "swiss"]
[EventRounds "9"]
[EventCountry "DEN"]

1. e4 e5 2. Nf3 Nc6 3. d4 exd4 4. Bc4 Nf6 5. e5 d5 6. Bb5 Ne4 7. Nxd4 Bc5 8.
O-O O-O 9. Bxc6 bxc6 10. Be3 Qe8 11. Nc3 Bb6 12. Re1 c5 13. Nb3 Nxc3 14. bxc3
Qc6 15. Qf3 Bb7 16. Rab1 Rab8 17. c4 dxc4 18. Qxc6 Bxc6 19. Nxc5 Rfe8 20. f4 f6
21. e6 f5 22. c3 Be4 23. Rb4 a5 24. Rxc4 Bd5 25. Ra4 Bxe6 26. Bd4 Bd7 27. Rxe8+
Bxe8 28. Ra3 a4 29. c4 Rd8 30. Be3 Bc6 31. Kf1 Re8 32. Bf2 Bxc5 33. Bxc5 Re4
34. Rc3 Rxf4+ 35. Kg1 Re4 36. Kf2 Kf7 37. a3 Re8 38. Rd3 g5 39. g3 Kg6 40. Bb4
Re4 41. Re3 Rxc4 42. Re6+ Kf7 43. Re7+ Kf6 44. Rxc7 f4 45. gxf4 gxf4 46. Bd2
Rc2 47. Ke1 f3 48. Rxh7 f2+ 49. Kxf2 Rxd2+ 50. Ke3 Rc2 51. Kd3 Rc1 52. Kd2 Rc5
53. Rh4 Ke6 54. Rh6+ Kd7 55. Rh7+ Kd6 56. Kd3 Bb5+ 57. Kd2 Rf5 58. Rh3 Kc5 59.
Kc3 Bc6 60. Kb2 Rf2+ 61. Ka1 Kd4 62. Rh4+ Kc3 63. Rh3+ Kc2 64. Rh5 Kb3 0-1

[Event "Copenhagen Chess Challenge 2016"]
[Site "Ballerup"]
[Date "2016.04.20"]
[Round "1"]
[White "Danielsen, Henrik"]
[Black "Moe, Mogens"]
[Result "1-0"]
[WhiteElo "2480"]
[BlackElo "2160"]
[PlyCount "95"]
[EventDate "2016.04.20"]
[EventType "swiss"]
[EventRounds "9"]
[EventCountry "DEN"]

1. Nf3 Nf6 2. c4 g6 3. g3 Bg7 4. Bg2 O-O 5. O-O d5 6. cxd5 Nxd5 7. Nc3 c5 8.
Nxd5 Qxd5 9. d3 Nc6 10. Be3 Bxb2 11. Rb1 Qxa2 12. Qc2 c4 13. Rxb2 cxd3 14. Qc3
Qa5 15. Qxa5 Nxa5 16. exd3 b6 17. Nd4 Bb7 18. Bxb7 Nxb7 19. Nc6 e6 20. Ra1 Nc5
21. Bxc5 bxc5 22. Rb5 Kg7 23. Rxc5 Rfc8 24. d4 Rc7 25. Kg2 Rb7 26. Rca5 Rc7 27.
Rxa7 Raxa7 28. Nxa7 Rc4 29. Rd1 Kf6 30. Rd3 Ke7 31. Rb3 Kf6 32. Nb5 Rc6 33. Rc3
Rb6 34. Rc5 Ra6 35. Rc7 g5 36. Rd7 Kg6 37. Nd6 f6 38. Ne8 h5 39. Rg7+ Kf5 40.
Rf7 e5 41. d5 Kg6 42. Re7 Ra5 43. Rg7+ Kh6 44. d6 Rd5 45. d7 Rd3 46. Rf7 f5 47.
Rf6+ Kh7 48. Nd6 1-0

[Event "Copenhagen Chess Challenge 2016"]
[Site "Ballerup"]
[Date "2016.04.20"]
[Round "1"]
[White "Vesterli, Michael E"]
[Black "Semcesen, Daniel"]
[Result "0-1"]
[WhiteElo "2138"]
[BlackElo "2454"]
[PlyCount "166"]
[EventDate "2016.04.20"]
[EventType "swiss"]
[EventRounds "9"]
[EventCountry "DEN"]

1. d4 d6 2. c4 e5 3. dxe5 dxe5 4. Qxd8+ Kxd8 5. Nf3 f6 6. e3 c6 7. Be2 Be6 8.
O-O Nd7 9. Bd2 a5 10. Rd1 Nh6 11. Be1 Nf7 12. Nc3 Be7 13. Na4 Kc7 14. a3 Nd6
15. Nd2 Nc8 16. Rab1 Rd8 17. Ne4 Bf5 18. Bd3 Ncb6 19. Nac3 Be6 20. c5 Nxc5 21.
Nxc5 Bxc5 22. b4 axb4 23. axb4 Be7 24. Bxh7 f5 25. g4 fxg4 26. Rdc1 Nc4 27. b5
c5 28. Be4 Nb6 29. Nd1 Ra4 30. Bc2 Ra3 31. Bc3 Bd6 32. Bb2 Ra5 33. Nc3 Nd7 34.
Ne4 Be7 35. Bc3 Ra2 36. b6+ Kb8 37. Ra1 Rxa1 38. Rxa1 c4 39. Ba4 Nxb6 40. Ba5
Nxa4 41. Bxd8 Bxd8 42. Rxa4 b5 43. Rb4 Bd7 44. Kf1 Ka7 45. Ke2 Kb6 46. Kd2 Bc6
47. Nc3 Kc5 48. Rb1 b4 49. Ne2 Ba5 50. Ra1 c3+ 51. Kc2 Be4+ 52. Kb3 Bd5+ 53.
Ka4 Bc7 54. Rb1 Bc6+ 55. Kb3 Bf3 56. Nxc3 bxc3 57. Kxc3 e4 58. Kd2 Bxh2 59. Rb7
Be5 60. Rd7 g3 61. fxg3 g5 62. Ke1 Bxg3+ 63. Kf1 Be5 64. Rd8 Kc6 65. Kf2 Kc7
66. Rd5 Bf6 67. Kg3 Be7 68. Kf2 Kc6 69. Rf5 Kd6 70. Ra5 Ke6 71. Rb5 Bf6 72. Ra5
Kf7 73. Kg3 Kg6 74. Rb5 Kh5 75. Rc5 Be7 76. Rd5 Bb4 77. Kh3 Be1 78. Rd8 Bf2 79.
Rh8+ Kg6 80. Rg8+ Kf6 81. Rf8+ Kg7 82. Ra8 Bxe3 83. Ra3 Bf2 0-1

[Event "Copenhagen Chess Challenge 2016"]
[Site "Ballerup"]
[Date "2016.04.20"]
[Round "1"]
[White "Getz, Nicolai"]
[Black "Laustsen, Lars"]
[Result "1-0"]
[WhiteElo "2408"]
[BlackElo "2128"]
[PlyCount "49"]
[EventDate "2016.04.20"]
[EventType "swiss"]
[EventRounds "9"]
[EventCountry "DEN"]

1. e4 c5 2. Nf3 d6 3. d4 cxd4 4. Nxd4 Nf6 5. Nc3 a6 6. h3 e5 7. Nde2 h5 8. g3
b5 9. Bg2 Bb7 10. Bg5 Nbd7 11. a4 b4 12. Nd5 Bxd5 13. exd5 Be7 14. a5 Qc7 15.
O-O O-O 16. c3 Rab8 17. Bd2 Rb5 18. cxb4 Nxd5 19. Rc1 Qb8 20. Nc3 Nxb4 21. Nxb5
Qxb5 22. Bxb4 Qxb4 23. Rc7 Rd8 24. Bc6 Nb8 25. Bd5 1-0

[Event "Copenhagen Chess Challenge 2016"]
[Site "Ballerup"]
[Date "2016.04.20"]
[Round "1"]
[White "Fredericia, Louise Winther"]
[Black "Hoi, Carsten"]
[Result "0-1"]
[WhiteElo "2127"]
[BlackElo "2393"]
[PlyCount "52"]
[EventDate "2016.04.20"]
[EventType "swiss"]
[EventRounds "9"]
[EventCountry "DEN"]

1. e4 g6 2. Nc3 Bg7 3. f4 c6 4. d3 d5 5. Qe2 d4 6. Nd1 c5 7. g3 Nc6 8. Bg2 e5
9. Nf3 exf4 10. Bxf4 h6 11. O-O Nge7 12. Qf2 Be6 13. c3 g5 14. cxd4 cxd4 15.
Bd2 Ng6 16. b3 O-O 17. Nb2 f5 18. exf5 Bxf5 19. Qe1 Qd7 20. Qc1 Rac8 21. Qc4+
Kh8 22. Qa4 Bh3 23. Qb5 Bxg2 24. Kxg2 Rf5 25. Qc4 Nge5 26. Nxe5 Nxe5 0-1

[Event "Copenhagen Chess Challenge 2016"]
[Site "Ballerup"]
[Date "2016.04.20"]
[Round "1"]
[White "Englert, Fabian"]
[Black "De Seroux, Camille"]
[Result "1-0"]
[WhiteElo "2391"]
[BlackElo "2125"]
[PlyCount "65"]
[EventDate "2016.04.20"]
[EventType "swiss"]
[EventRounds "9"]
[EventCountry "DEN"]

1. d4 Nf6 2. Nf3 e6 3. Bf4 b6 4. e3 Bb7 5. Bd3 c5 6. O-O Be7 7. h3 O-O 8. Nbd2
d5 9. c3 Nc6 10. Ne5 c4 11. Bc2 b5 12. g4 Rc8 13. g5 Ne4 14. Nxe4 Nxe5 15. Nf6+
gxf6 16. gxf6 Ng6 17. fxe7 Qxe7 18. Bh6 Rfe8 19. Qh5 f5 20. Kh1 Qh4 21. Qxh4
Nxh4 22. Rg1+ Kh8 23. a4 bxa4 24. Bxa4 Bc6 25. Bxc6 Rxc6 26. Rxa7 e5 27. Bg7+
Kg8 28. Bxe5+ Rg6 29. Rg7+ Kf8 30. Rxh7 Rxg1+ 31. Kxg1 Nf3+ 32. Kg2 Nxe5 33.
Rh8+ 1-0

[Event "Copenhagen Chess Challenge 2016"]
[Site "Ballerup"]
[Date "2016.04.20"]
[Round "1"]
[White "Rishovd, Svein"]
[Black "Fries Nielsen, Jens Ove"]
[Result "0-1"]
[WhiteElo "2103"]
[BlackElo "2389"]
[PlyCount "84"]
[EventDate "2016.04.20"]
[EventType "swiss"]
[EventRounds "9"]
[EventCountry "DEN"]

1. d4 Nf6 2. c4 d6 3. g3 Nbd7 4. Nf3 e5 5. Nc3 Be7 6. Bg2 O-O 7. O-O exd4 8.
Nxd4 Nb6 9. b3 d5 10. cxd5 Nbxd5 11. Nxd5 Nxd5 12. Bb2 Nb6 13. Rc1 a5 14. Qc2
c6 15. Rfd1 Qc7 16. Nb5 Qb8 17. Qe4 Be6 18. Be5 Qc8 19. Nc7 Nd5 20. Nxa8 Qxa8
21. Bd4 Re8 22. Qc2 Ba3 23. Bb2 Bf8 24. a3 a4 25. b4 Nb6 26. Qd3 Bb3 27. Rd2
Qc8 28. e4 Qe6 29. f4 Nc4 30. Re2 c5 31. b5 Nxb2 32. Rxb2 c4 33. Qd5 Bxa3 34.
Qxe6 fxe6 35. Rbc2 Bxc1 36. Rxc1 a3 37. e5 b6 38. Kf1 a2 39. Ra1 Rd8 40. Bf3 c3
41. Ke1 c2 42. Be2 Rd1+ 0-1

[Event "Copenhagen Chess Challenge 2016"]
[Site "Ballerup"]
[Date "2016.04.20"]
[Round "1"]
[White "Matthiesen, Martin"]
[Black "Skovgaard, Ib"]
[Result "1-0"]
[WhiteElo "2377"]
[BlackElo "2050"]
[PlyCount "109"]
[EventDate "2016.04.20"]
[EventType "swiss"]
[EventRounds "9"]
[EventCountry "DEN"]

1. d4 d5 2. c4 c6 3. Nf3 Nf6 4. Nc3 e6 5. e3 Nbd7 6. Qc2 Bd6 7. Be2 O-O 8. O-O
Re8 9. Rd1 b6 10. b3 Qe7 11. Bb2 Bb7 12. Rac1 Rad8 13. e4 e5 14. dxe5 Nxe5 15.
cxd5 Nfg4 16. Nxe5 Qxe5 17. g3 Nxf2 18. Kxf2 Bc5+ 19. Kg2 cxd5 20. Nxd5 Qxe4+
21. Qxe4 Rxe4 22. Bc4 b5 23. Bxb5 Bf8 24. Bc6 Re2+ 25. Kh1 Bxc6 26. Rxc6 Rxb2
27. Nf6+ gxf6 28. Rxd8 Kg7 29. Ra6 f5 30. Rd5 Rb1+ 31. Kg2 Rb2+ 32. Kh3 Rf2 33.
Rxa7 Kg6 34. a4 Bh6 35. Rd6+ f6 36. Raa6 Bg5 37. a5 h5 38. Rab6 f4 39. gxf4
Bxf4 40. Rxf6+ Kg7 41. Rxf4 Rxf4 42. b4 Rc4 43. a6 Rc3+ 44. Kh4 Ra3 45. b5 Ra2
46. Kxh5 Rxh2+ 47. Kg5 Ra2 48. Rb7+ Kf8 49. a7 Rg2+ 50. Kf6 Rf2+ 51. Ke6 Re2+
52. Kd6 Rd2+ 53. Kc6 Rc2+ 54. Kb6 Rc8 55. Rb8 1-0

[Event "Copenhagen Chess Challenge 2016"]
[Site "Ballerup"]
[Date "2016.04.20"]
[Round "1"]
[White "Kistrup, Nicolai"]
[Black "Haub, Thorsten Michael"]
[Result "0-1"]
[WhiteElo "2033"]
[BlackElo "2359"]
[PlyCount "44"]
[EventDate "2016.04.20"]
[EventType "swiss"]
[EventRounds "9"]
[EventCountry "DEN"]

1. d4 g6 2. Nf3 Bg7 3. c4 d6 4. Nc3 Nd7 5. Bg5 a6 6. e3 Ngf6 7. Be2 O-O 8. O-O
h6 9. Bh4 e5 10. Qc2 Re8 11. Rfd1 g5 12. Bg3 Nh5 13. dxe5 Nxg3 14. hxg3 Nxe5
15. c5 Nc6 16. cxd6 cxd6 17. Qd2 Be6 18. Qxd6 Qa5 19. Nd4 Nxd4 20. exd4 Rac8
21. b4 Qa3 22. Ne4 Rc6 0-1

[Event "Copenhagen Chess Challenge 2016"]
[Site "Ballerup"]
[Date "2016.04.20"]
[Round "1"]
[White "Thybo, Jesper Sondergaard"]
[Black "Slettebo, Jan"]
[Result "1-0"]
[WhiteElo "2358"]
[BlackElo "2030"]
[PlyCount "39"]
[EventDate "2016.04.20"]
[EventType "swiss"]
[EventRounds "9"]
[EventCountry "DEN"]

1. d4 d5 2. c4 c6 3. Nf3 Nf6 4. e3 Bg4 5. h3 Bxf3 6. Qxf3 e6 7. Nc3 Nbd7 8. Bd3
Bd6 9. O-O O-O 10. b3 Re8 11. Bb2 Qe7 12. Qe2 e5 13. dxe5 Qxe5 14. g3 Qe6 15.
Kg2 a6 16. Rad1 Nc5 17. cxd5 cxd5 18. Qf3 Nce4 19. Nxd5 Nxd5 20. Bxe4 1-0

[Event "Copenhagen Chess Challenge 2016"]
[Site "Ballerup"]
[Date "2016.04.20"]
[Round "1"]
[White "Karlsson, Ulf"]
[Black "Haubro, Martin"]
[Result "0-1"]
[WhiteElo "2026"]
[BlackElo "2345"]
[PlyCount "50"]
[EventDate "2016.04.20"]
[EventType "swiss"]
[EventRounds "9"]
[EventCountry "DEN"]

1. e4 e5 2. Nf3 Nc6 3. Nc3 Nf6 4. d4 exd4 5. Nxd4 Bb4 6. Nxc6 bxc6 7. Bd3 d5 8.
exd5 cxd5 9. O-O O-O 10. Bg5 Be6 11. Bxf6 Qxf6 12. Nxd5 Bxd5 13. Qh5 Rfd8 14.
Qxh7+ Kf8 15. c3 Bd6 16. Qh8+ Ke7 17. Qh5 Rh8 18. Qe2+ Be6 19. g3 Qh6 20. f4
Bc5+ 21. Kh1 Kf8 22. h4 Bd5+ 23. Kh2 Re8 24. Qg4 Qh5 25. Qd7 Re2+ 0-1

[Event "Copenhagen Chess Challenge 2016"]
[Site "Ballerup"]
[Date "2016.04.20"]
[Round "1"]
[White "Kristensen, Kaare Hove"]
[Black "Andersen, Kim Nyvang"]
[Result "1-0"]
[WhiteElo "2341"]
[BlackElo "1996"]
[PlyCount "73"]
[EventDate "2016.04.20"]
[EventType "swiss"]
[EventRounds "9"]
[EventCountry "DEN"]

1. e4 c5 2. Nf3 Nc6 3. d4 cxd4 4. Nxd4 Nf6 5. Nc3 e5 6. Nde2 Be7 7. Ng3 d6 8.
Bc4 Bg4 9. f3 Be6 10. Bb3 O-O 11. Nf1 Bxb3 12. axb3 Nb4 13. Bg5 Qc7 14. Ne3 Qc5
15. Qe2 Rfd8 16. Bxf6 Bxf6 17. Ned5 Bg5 18. Nxb4 Qxb4 19. Ra4 Qc5 20. Rc4 Qa5
21. O-O b5 22. Rc6 b4 23. Nd5 Qa2 24. Qc4 Qxb2 25. Rd1 Bd2 26. Rc7 Rf8 27. Ne7+
Kh8 28. Nf5 Bc3 29. Qd3 a5 30. Nxd6 Bd4+ 31. Kf1 a4 32. bxa4 Qa2 33. Qb3 Qxa4
34. Nxf7+ Rxf7 35. Qxa4 Rxa4 36. Rc8+ Rf8 37. Rxf8# 1-0

[Event "Copenhagen Chess Challenge 2016"]
[Site "Ballerup"]
[Date "2016.04.20"]
[Round "1"]
[White "Sorensen, Per Settergren"]
[Black "Sylvan, Jacob"]
[Result "0-1"]
[WhiteElo "1979"]
[BlackElo "2327"]
[PlyCount "102"]
[EventDate "2016.04.20"]
[EventType "swiss"]
[EventRounds "9"]
[EventCountry "DEN"]

1. e4 c5 2. Nf3 e6 3. d4 cxd4 4. Nxd4 Nc6 5. Nc3 Qc7 6. g3 a6 7. Bg2 Nf6 8. O-O
Be7 9. Be3 O-O 10. Nxc6 bxc6 11. Na4 Rb8 12. c4 e5 13. c5 d6 14. cxd6 Bxd6 15.
h3 Be6 16. b3 c5 17. f4 Rfd8 18. f5 Bd7 19. Nb2 Bc6 20. Qc2 Qb7 21. Bg5 Be7 22.
Rfe1 Nh5 23. Bxe7 Qxe7 24. Qc3 Qg5 25. Re3 Rd4 26. Kh2 Rbd8 27. Nc4 Qe7 28.
Rae1 Nf6 29. a4 h6 30. Qa5 Bb7 31. Qb6 R8d7 32. Na5 Rb4 33. Qa7 Bxe4 34. Qxa6
Bxg2 35. Kxg2 Rd2+ 36. Kg1 Qc7 37. Nc6 Rb6 38. Qa8+ Kh7 39. Nxe5 Nd5 40. Rf3
Rb8 41. Qa6 Re8 42. Rd3 Rxe5 43. Rxe5 Qxe5 44. Rxd2 Qe1+ 45. Qf1 Qxd2 46. Qf3
Nf6 47. g4 Nd7 48. Kh1 Qe1+ 49. Kg2 Ne5 50. Qd5 Qe2+ 51. Kh1 Nf3 0-1

[Event "Copenhagen Chess Challenge 2016"]
[Site "Ballerup"]
[Date "2016.04.20"]
[Round "1"]
[White "Boe, Mads"]
[Black "Molvig, Julius"]
[Result "1-0"]
[WhiteElo "2303"]
[BlackElo "1971"]
[PlyCount "75"]
[EventDate "2016.04.20"]
[EventType "swiss"]
[EventRounds "9"]
[EventCountry "DEN"]

1. d4 Nf6 2. Nf3 g6 3. Bg5 Ne4 4. Bf4 d6 5. e3 c5 6. Bd3 Nf6 7. c3 Bg7 8. Nbd2
cxd4 9. exd4 Nc6 10. Qe2 O-O 11. O-O Re8 12. Bg5 Qc7 13. Bh4 a6 14. a4 b6 15.
Bc4 h6 16. Rfe1 e5 17. dxe5 Nxe5 18. Nxe5 Rxe5 19. Qf3 Bb7 20. Qd3 d5 21. Bb3
Rae8 22. Rxe5 Qxe5 23. Rd1 Qc7 24. Nf3 g5 25. Bg3 Qc5 26. Be5 Ne4 27. Bd4 Bxd4
28. Nxd4 f5 29. h3 Qf8 30. Nc2 Re5 31. Qd4 Qf6 32. Ne3 Nc5 33. Ba2 Kg7 34. a5
Nd7 35. Bxd5 Bxd5 36. Nxd5 Qe6 37. f4 gxf4 38. Nxf4 1-0

[Event "Copenhagen Chess Challenge 2016"]
[Site "Ballerup"]
[Date "2016.04.20"]
[Round "1"]
[White "Philipsen, William Horup"]
[Black "Nilssen, John Arni"]
[Result "0-1"]
[WhiteElo "1970"]
[BlackElo "2300"]
[PlyCount "100"]
[EventDate "2016.04.20"]
[EventType "swiss"]
[EventRounds "9"]
[EventCountry "DEN"]

1. e4 c5 2. d4 cxd4 3. c3 dxc3 4. Nxc3 e6 5. Nf3 Nc6 6. Bc4 a6 7. O-O d6 8. Qe2
Be7 9. Rd1 Bd7 10. Bf4 e5 11. Be3 Nf6 12. Nd5 Nxd5 13. Bxd5 O-O 14. Nd2 Bg5 15.
Nc4 Bxe3 16. fxe3 Qc7 17. Rac1 Rad8 18. Nxd6 Bg4 19. Qxg4 Rxd6 20. Rf1 Qb6 21.
Rf3 Rg6 22. Qh3 Nd8 23. Rcf1 Qc7 24. Rf5 h6 25. Qh5 Kh7 26. Rxe5 Qc2 27. Qf3
Qxb2 28. Re7 Rf6 29. Qd1 Rxf1+ 30. Qxf1 Qa3 31. Rd7 Qxe3+ 32. Kh1 Ne6 33. h3
Nf4 34. Bxb7 Kh8 35. Rd1 Rb8 36. Re1 Qg3 37. Bxa6 Rb2 38. Be2 Rxa2 39. Bf3 Nxh3
40. Re2 Nf2+ 41. Kg1 Nh3+ 42. Kh1 Rxe2 43. Qxe2 Ng5 44. Bg4 Qe5 45. Qc4 g6 46.
Bf3 Kg7 47. Kg1 Nxf3+ 48. gxf3 Qg3+ 49. Kf1 Qxf3+ 50. Ke1 Qg3+ 0-1

[Event "Copenhagen Chess Challenge 2016"]
[Site "Ballerup"]
[Date "2016.04.20"]
[Round "1"]
[White "Tsiolakidis, Anastasios"]
[Black "Tandrup, Michael"]
[Result "1-0"]
[WhiteElo "2288"]
[BlackElo "1961"]
[PlyCount "57"]
[EventDate "2016.04.20"]
[EventType "swiss"]
[EventRounds "9"]
[EventCountry "DEN"]

1. d4 Nf6 2. Nf3 e6 3. c4 c5 4. e3 d5 5. Nc3 Nc6 6. a3 cxd4 7. exd4 dxc4 8.
Bxc4 a6 9. O-O b5 10. Bd3 Be7 11. Bg5 O-O 12. Qe2 Bb7 13. Rfd1 b4 14. Ne4 bxa3
15. bxa3 Nxe4 16. Qxe4 g6 17. Qh4 h5 18. Rab1 Rb8 19. Be4 Bxg5 20. Nxg5 Na5 21.
h3 Qf6 22. Qg3 Qd8 23. Nxe6 Qe7 24. Nxf8 Rxf8 25. Bxb7 Nxb7 26. d5 Nd6 27. Rb6
Nf5 28. d6 Qe4 29. Qd3 1-0

[Event "Copenhagen Chess Challenge 2016"]
[Site "Ballerup"]
[Date "2016.04.20"]
[Round "1"]
[White "Haugli, Petter"]
[Black "Andersen, Daniel"]
[Result "1-0"]
[WhiteElo "2259"]
[BlackElo "1956"]
[PlyCount "54"]
[EventDate "2016.04.20"]
[EventType "swiss"]
[EventRounds "9"]
[EventCountry "DEN"]

1. c4 Nf6 2. Nc3 d5 3. cxd5 Nxd5 4. Nf3 g6 5. e4 Nxc3 6. dxc3 Qxd1+ 7. Kxd1 c5
8. Be3 b6 9. Bb5+ Bd7 10. a4 Nc6 11. Kc2 a6 12. Be2 e5 13. Rhd1 f6 14. Nd2 Na5
15. Nc4 Nxc4 16. Bxc4 Bc6 17. f3 Bb7 18. Be6 Be7 19. Bh6 Bf8 20. Bxf8 Rxf8 21.
Rd6 Ke7 22. Rxb6 Rab8 23. a5 f5 24. Bd5 Bxd5 25. exd5 Rxb6 26. axb6 Ra8 27. c4
Ke8 1-0

[Event "Copenhagen Chess Challenge 2016"]
[Site "Ballerup"]
[Date "2016.04.20"]
[Round "1"]
[White "Holmstrom, Johan Ravnborg"]
[Black "Thorsbro, Peter"]
[Result "0-1"]
[WhiteElo "1932"]
[BlackElo "2250"]
[PlyCount "134"]
[EventDate "2016.04.20"]
[EventType "swiss"]
[EventRounds "9"]
[EventCountry "DEN"]

1. d4 f5 2. Nf3 Nf6 3. g3 g6 4. Bg2 Bg7 5. c4 d6 6. Nc3 O-O 7. O-O c6 8. Re1
Ne4 9. Qc2 Nxc3 10. bxc3 e5 11. e4 fxe4 12. Qxe4 Bf5 13. Qe2 Nd7 14. Qb2 Qc7
15. Be3 Rae8 16. Qb3 Kh8 17. Rac1 Be4 18. Nd2 Bxg2 19. Kxg2 exd4 20. cxd4 Nf6
21. h3 Qf7 22. Rb1 Re7 23. Bf4 Rxe1 24. Rxe1 d5 25. c5 Nh5 26. Be3 Re8 27. Qa4
a6 28. Qb3 Bf6 29. Rb1 Re7 30. Qd3 Ng7 31. f4 Qe6 32. Re1 Qf5 33. Qc3 Ne6 34.
Nf3 h5 35. Qd2 Kh7 36. Ne5 Bxe5 37. fxe5 Rf7 38. Kh2 Qf3 39. Qg2 Qf5 40. Qd2 g5
41. Re2 Qf1 42. Rf2 Rxf2+ 43. Qxf2 Qxf2+ 44. Bxf2 g4 45. Be3 Kg6 46. hxg4 hxg4
47. Kg2 Kf7 48. Kf2 Ke7 49. Ke2 Kd7 50. Kd3 Kc7 51. Bd2 b6 52. cxb6+ Kxb6 53.
Bb4 Kc7 54. Bd6+ Kd7 55. Bb4 Ng7 56. Be1 Ke6 57. Bf2 Kf5 58. a4 Ne6 59. Be3 c5
60. dxc5 Kxe5 61. Bh6 Nxc5+ 62. Kc2 Nxa4 63. Kb3 Nc5+ 64. Kb4 Nb7 65. Bf4+ Ke4
66. Bc7 Kd3 67. Be5 d4 0-1

[Event "Copenhagen Chess Challenge 2016"]
[Site "Ballerup"]
[Date "2016.04.20"]
[Round "1"]
[White "Hove, Esben Kjems"]
[Black "Allam, Dariusz"]
[Result "1-0"]
[WhiteElo "2232"]
[BlackElo "1922"]
[PlyCount "53"]
[EventDate "2016.04.20"]
[EventType "swiss"]
[EventRounds "9"]
[EventCountry "DEN"]

1. d4 Nf6 2. c4 g6 3. Nc3 Bg7 4. e4 d6 5. f3 O-O 6. Be3 a5 7. Qd2 c6 8. Nge2
Na6 9. g4 Nd7 10. Ng3 c5 11. d5 Ne5 12. Be2 Nc7 13. h4 f6 14. h5 g5 15. h6 Bh8
16. Nf5 Bxf5 17. gxf5 g4 18. f4 Nf3+ 19. Bxf3 gxf3 20. Qh2 Rf7 21. Rg1+ Kf8 22.
Kf2 Ke8 23. Qh5 Kf8 24. Rg3 Bg7 25. hxg7+ Kg8 26. Rh1 b6 27. Qxh7# 1-0

[Event "Copenhagen Chess Challenge 2016"]
[Site "Ballerup"]
[Date "2016.04.20"]
[Round "1"]
[White "Kakulidis, Ellen"]
[Black "Stigar, Petter"]
[Result "0-1"]
[WhiteElo "1892"]
[BlackElo "2229"]
[PlyCount "104"]
[EventDate "2016.04.20"]
[EventType "swiss"]
[EventRounds "9"]
[EventCountry "DEN"]

1. d4 d5 2. c4 dxc4 3. Nf3 Nf6 4. e3 e6 5. Bxc4 c5 6. O-O a6 7. Bd3 b6 8. Nc3
Bb7 9. Qe2 Nbd7 10. b3 Bd6 11. Bb2 Qb8 12. h3 O-O 13. Rac1 Rd8 14. Bb1 cxd4 15.
exd4 Ra7 16. Rfe1 Qa8 17. Ne4 Bb4 18. Bc3 Ba3 19. Rcd1 Nxe4 20. Bxe4 Bxe4 21.
Qxe4 Qxe4 22. Rxe4 Rc7 23. Bd2 Rc2 24. Bg5 Nf6 25. Bxf6 gxf6 26. Rd2 Rxd2 27.
Nxd2 f5 28. Re2 Rxd4 29. Nc4 Rd1+ 30. Kh2 Bc5 31. g3 Kg7 32. Kg2 Kf6 33. Ne3
Ra1 34. Kf3 Rc1 35. g4 Rc3 36. gxf5 Bxe3 37. fxe3 Kxf5 38. Rd2 Rc5 39. Rd6 Rb5
40. Rd4 h5 41. Rd7 Kf6 42. Rd4 a5 43. Rf4+ Rf5 44. h4 e5 45. Rxf5+ Kxf5 46. e4+
Ke6 47. a3 b5 48. b4 axb4 49. axb4 f5 50. Ke3 fxe4 51. Kxe4 Kf6 52. Kd5 Kf5 0-1

[Event "Copenhagen Chess Challenge 2016"]
[Site "Ballerup"]
[Date "2016.04.20"]
[Round "1"]
[White "Christophersen, David"]
[Black "Jacobsen, Mikkel Manosri"]
[Result "1/2-1/2"]
[WhiteElo "1764"]
[BlackElo "2210"]
[PlyCount "126"]
[EventDate "2016.04.20"]
[EventType "swiss"]
[EventRounds "9"]
[EventCountry "DEN"]

1. d4 d5 2. Nf3 Nf6 3. Bf4 c5 4. e3 Nc6 5. Nbd2 cxd4 6. exd4 Qb6 7. Nb3 Bg4 8.
c3 a5 9. Rb1 e6 10. Be2 Bf5 11. Bd3 Bxd3 12. Qxd3 Qa6 13. Qxa6 Rxa6 14. h3 b5
15. Ne5 Nxe5 16. Bxe5 Nd7 17. Bf4 Be7 18. O-O O-O 19. Nd2 Rc8 20. a3 Nb6 21.
Rfc1 Nc4 22. Nxc4 Rxc4 23. Kf1 f6 24. Ke2 e5 25. Be3 Kf7 26. f4 e4 27. f5 Rc8
28. g4 Rh8 29. h4 g6 30. fxg6+ hxg6 31. Rh1 b4 32. axb4 axb4 33. Bd2 f5 34.
gxf5 Rxh4 35. Rxh4 Bxh4 36. fxg6+ Rxg6 37. Rf1+ Ke6 38. cxb4 Rg2+ 39. Kd1 Bf2
40. Bc3 Rh2 41. b5 Kd7 42. b4 Kc7 43. Be1 e3 44. Bxf2 exf2 45. Ke2 Kb6 46. Rxf2
Rxf2+ 47. Kxf2 Kxb5 48. Ke3 Kxb4 49. Kd3 Kb3 50. Kd2 Kc4 51. Kc2 Kxd4 52. Kd2
Ke4 53. Ke2 d4 54. Kd2 d3 55. Kd1 Ke3 56. Ke1 Ke4 57. Kd2 Kd4 58. Kd1 Kc3 59.
Kc1 Kd4 60. Kd2 Ke4 61. Kd1 Ke3 62. Ke1 d2+ 63. Kd1 Kd3 1/2-1/2

[Event "Copenhagen Chess Challenge 2016"]
[Site "Ballerup"]
[Date "2016.04.20"]
[Round "1"]
[White "Thuesen, Mogens Henrik"]
[Black "Overmark, Ole"]
[Result "1-0"]
[WhiteElo "2209"]
[BlackElo "1763"]
[PlyCount "69"]
[EventDate "2016.04.20"]
[EventType "swiss"]
[EventRounds "9"]
[EventCountry "DEN"]

1. d4 e6 2. c4 Nf6 3. g3 d5 4. Nf3 Be7 5. Bg2 O-O 6. O-O c5 7. cxd5 Nxd5 8. e4
Nf6 9. Nc3 cxd4 10. Nxd4 e5 11. Ndb5 Nc6 12. Nd5 Nxd5 13. exd5 Qa5 14. Qe2 Nd8
15. Qxe5 Bf6 16. Qe2 Bd7 17. a4 a6 18. Bd2 Qb6 19. Be3 Bxb5 20. axb5 Qd6 21.
Ra4 Qd7 22. Rfa1 Re8 23. bxa6 bxa6 24. Rxa6 Rb8 25. R1a2 Qf5 26. Qd1 Qd7 27.
Qd2 Rb3 28. R6a3 Qb5 29. Bf1 Qb8 30. Bd4 Bxd4 31. Qxd4 Rxa3 32. Rxa3 Qc8 33.
Re3 Qd7 34. Bh3 Ne6 35. Qe5 1-0